000
002560000a22000970004500
100
1
_a
Stanhope, Jon
245
1
0
_a
Together at last : Sudanese refugees reunited with loved ones
300
_a
Num. 24 (2003), Páginas 22-23
773
0
_t
Teartimes
942
_c
ANA
999
_c
56053
_d
56053